000 00210nam a2200109Ia 4500
100 _a#N/A
942 _cBK
654 _asoftware
245 _aSoftwarez@max-fun@home
260 _b#N/A
_c2003
546 _aENGLISH
999 _c31929
_d31929